| 000 | 00766nam a2200205Ia 4500 | ||
|---|---|---|---|
| 003 | GCL | ||
| 005 | 20240530105041.0 | ||
| 008 | 140319s9999 xx 000 0 ara d | ||
| 040 |
_aGCL / _cGCL |
||
| 082 | 0 | 4 |
_a962.02 _bق/ع م |
| 100 | 1 | _aعصام محمد شبارو | |
| 245 | 1 | 0 |
_aالمقاومة الشعبية المصرية للاحتلال الفرنسى والغزو البريطانى / _cعصام محمد شبارو |
| 260 |
_aبيروت : _bدار التضامن للطباعة والنشر والتوزيع ، _c1992 |
||
| 300 |
_a175 ص ؛ _c24 سم |
||
| 650 | 0 | 4 | _aمصر |
| 650 | 0 | 4 |
_aمصر _xالاحوال السياسية |
| 650 | 0 | 4 |
_aالمقاومة الشعبية _xمصر |
| 650 | 0 | 4 | _aالمجتمع المصرى |
| 942 |
_2ddc _cBK |
||
| 999 |
_c52770 _d52770 |
||